A COMPARATIVE STUDY TO ASSESS THE EFFICACY OF STRUCTURED TEACHING PROGRAMME ON KNOWLEDGE AND PRATICE REGARDING HARMFUL EFFECTS OF JUNK FOOD ON HEALTH AMONG ADOLENCENTS FROM SELECTED URBAN AND RURAL SCHOOLS OF RAJATHAN (P.HD) (Record no. 97460)

MARC details
000 -LEADER
fixed length control field 00633nam a22001577a 4500
005 - DATE AND TIME OF LATEST TRANSACTION
control field 20240705110233.0
008 - FIXED-LENGTH DATA ELEMENTS--GENERAL INFORMATION
fixed length control field 230204b |||||||| |||| 00| 0 eng d
020 ## - INTERNATIONAL STANDARD BOOK NUMBER
International Standard Book Number
041 ## - LANGUAGE CODE
Language code of text/sound track or separate title ENG.
082 ## - DEWEY DECIMAL CLASSIFICATION NUMBER
Item number DR. PRIYESH M BHANWARA JAINGUIDED BY
100 ## - MAIN ENTRY--PERSONAL NAME
Author PRASHANT SEN
245 ## - TITLE STATEMENT
Title A COMPARATIVE STUDY TO ASSESS THE EFFICACY OF STRUCTURED TEACHING PROGRAMME ON KNOWLEDGE AND PRATICE REGARDING HARMFUL EFFECTS OF JUNK FOOD ON HEALTH AMONG ADOLENCENTS FROM SELECTED URBAN AND RURAL SCHOOLS OF RAJATHAN (P.HD)
260 ## - PUBLICATION, DISTRIBUTION, ETC.
Place of publication, distribution, etc. RAJASTHAN
Name of publisher, distributor, etc. SHRI JAGDISHPRASAD JHABARMAL TIBREWALA UNIVERSITY
Date of publication, distribution, etc. 2022
300 ## - PHYSICAL DESCRIPTION
Extent 380 P.
942 ## - ADDED ENTRY ELEMENTS (KOHA)
Koha item type PHD Thesis
Holdings
Withdrawn status Lost status Source of classification or shelving scheme Damaged status Not for loan Home library Current library Date acquired Total Checkouts Full call number Barcode Date last seen Date last checked out Bill Date Koha item type
    Dewey Decimal Classification     Sitabai Nargundkar College of Nursing Nagpur Sitabai Nargundkar College of Nursing Nagpur 04/02/2023 1 DR. PRIYESH M BHANWARA JAINGUIDED BY SNCN-DN-132 30/01/2026 30/01/2026 04/02/2023 Dissertation